000 01082naa a2200277 c 4500
001 43836
003 ES-MaCES
005 20130418111100.0
008 130418n2013 sp t 000 | spa d
035 _aCES20130002800v
040 _aES-MaCES
_bspa
_cES-MaCES
100 1 _aEstoa Pérez, Abel
_911494
245 1 0 _aLiberalización del suministro eléctrico y desprotección del consumidor doméstico
_b= liberalisation of the electry supply and lack of protection of the household consumer
_cAbel Estoa Pérez
500 _aResumen en español e inglés
650 4 _aEspaña
_926964
650 4 _aprotección del consumidor
_929407
650 4 _aconsumo de energía
_927752
650 4 _aconsumidor
_927902
650 4 _aenergía eléctrica
_927761
650 4 _aelectricidad
_927764
653 1 0 _aIndustria-Energía
773 0 _tRevista española de Derecho administrativo
_gn. 157 (en.-marzo 2013){10039 R. 083000}; p. 165-184
_w(ES-MaCES)25059
_932292
902 _aART Artículo de revista
942 _2CES
_cAR
_h5.2.
999 _c43836
_d43836